| 000 | 01141nam a2200277Ia 4500 | ||
|---|---|---|---|
| 008 | 130821s1999 ne gr fre | ||
| 020 | _a9041113940 | ||
| 040 |
_aCo-BoUCM _bspa |
||
| 041 | 0 | 0 | _afre |
| 100 | 1 | _aPicone, Paolo | |
| 245 | 1 | 4 |
_aLes méthodes de coordination entre ordres juridiques en droit international privé _cPaolo Picone |
| 260 |
_aDordrecht (Holanda) _bMartinus Nijhoff Publishers _c1999 |
||
| 300 | _a427 páginas | ||
| 490 | 0 |
_aRecueil des Cours. _v276 _aCollected Courses of the Hague Academy of International Law |
|
| 504 | _aIncluye bibliografía e índice. | ||
| 650 | 0 | 4 |
_aComercio internacional _xAspectos jurídicos _911207 |
| 650 | 0 | 4 |
_aDerecho internacional privado _97497 |
| 650 | 0 | 4 |
_aDerecho internacional público _97498 |
| 650 | 0 | 4 |
_aDerecho internacional _912776 |
| 650 | 0 | 4 |
_aEmpresas internacionales _xLegislación _97560 |
| 700 | 1 | _aBaxi, U. | |
| 710 | 2 | _aAcadémie de Droit International Law. | |
| 740 | 0 | 2 | _aMass torts, multinational enterprise liability and private international / U. Baxi. |
| 942 |
_a8 _e1 _kR _mR311 _cLIBROREF _2DEWEY _h341.02 |
||
| 999 |
_c45550 _d45550 |
||